|
|
|
|
| LEADER |
00000nab a2200000 a 4500 |
| 001 |
vtls011112842 |
| 003 |
SK-MaSNL |
| 005 |
20260303150616.0 |
| 008 |
230222|2003 xo |||||||||||||||||slo| |
| 015 |
|
|
|a SNBRB
|
| 035 |
|
|
|a (uuid)aee92402-fc29-496b-af8c-7e0f74c6c209
|
| 035 |
|
|
|a (urnnbn)urn:nbn:sk:snk:ar-a08gw6
|
| 035 |
|
|
|a urn:nbn:sk:snk-ab9je7
|
| 040 |
|
|
|a SNKBUCL
|b slo
|c SNKBUCL
|e AACR2
|
| 041 |
0 |
|
|a slo
|
| 044 |
|
|
|a xo
|c SK
|
| 100 |
1 |
|
|a Sedová, Tatiana,
|d 1953-
|4 aut
|9 8864
|
| 245 |
1 |
0 |
|a Marcelli, M.: Príklad Barthes
|c Tatiana Sedová
|
| 773 |
0 |
|
|t Organon F : filozofický časopis
|g Roč. 10, č. 1 (2003), s. [104]-107
|
| 954 |
|
|
|a odborná, vedecká literatúra pôvodná (slovenská)
|2 lita
|
| 958 |
|
|
|a OND
|
| 958 |
|
|
|a EUIPO
|
| 958 |
|
|
|a article13
|
| 999 |
|
|
|c 2012003
|d 2013933
|